[Event "Ch Romania (team)"]
[Site "masterchessopen.com – Romania"]
[Round "0"]
[White "Ignat Diana (ROM)"]
[Black "Erhan Raluca (ROM)"]
[Result "1-0"]
[WhiteElo "2109"]
[BlackElo "2084"]

1.d4 g6 2.c4 Bg7 3.Nc3 Nf6 4.e4 d6 5.f3 c6 6.Bg5 a6 7.a4 a5 8.Qd2 Na6 9.Nge2
Nb4 10.Rc1 O-O 11.g4 Nd7 12.Ng3 f6 13.Be3 e5 14.d5 c5 15.Qg2 Nb6 16.Rg1 Bd7
17.b3 Nc8 18.Be2 Ne7 19.h4 Rf7 20.Nd1 f5 21.gxf5 gxf5 22.Nh5 f4 23.Nxg7 Ng6
24.Ne6 Qxh4+ 25.Bf2 Qe7 26.Ng5 Rg7 27.Qh2 Nf8 28.Bh4 Ng6 29.Ne6 Nxh4 30.Rxg7+
Qxg7 31.Nxg7 Nd3+ 32.Kd2 Nxc1 33.Kxc1 {#r} 1-0

[Event "Ch Bahn (M)"]
[Site "masterchessopen.com – Bad Laasphe (Germany)"]
[Round "1"]
[White "Strauss Peter"]
[Black "Funk Paul (GER)"]
[Result "0-1"]
[WhiteElo "1895"]
[BlackElo "2158"]

1.d4 Nf6 2.c4 d6 3.Nc3 g6 4.e4 Bg7 5.f3 c6 6.Be3 Nbd7 7.Qd2 e5 8.d5 c5 9.Bd3
a6 10.Nge2 Rb8 11.a4 Qe7 12.g4 h5 13.g5 Nh7 14.h4 O-O 15.O-O-O Re8 16.Rdg1
Ndf8 17.Qe1 Qc7 18.f4 exf4 19.Bxf4 Nd7 20.Qg3 Ne5 21.Kc2 Bd7 22.Nc1 b5 23.axb5
axb5 24.Nxb5 Bxb5 25.cxb5 c4 26.Be2 Rxb5 27.Bd2 Reb8 28.Bc3 Qb6 29.Kd1 Rxb2
30.Bxb2 Qxb2 31.Qe3 Qb1 32.Rh3 Rb3 {#R} 0-1

[Event "It (c)"]
[Site "masterchessopen.com – Budapest (Hungary)"]
[Round "8"]
[White "Schneider Attila (HUN)"]
[Black "Kerek Csaba (HUN)"]
[Result "1-0"]
[WhiteElo "2380"]
[BlackElo "2150"]

1.d4 Nf6 2.c4 g6 3.Nc3 Bg7 4.e4 d6 5.f3 c6 6.Be3 Nbd7 7.Bd3 O-O 8.Nge2 e5 9.d5
Nc5 10.Bc2 cxd5 11.cxd5 Bd7 12.b4 Na6 13.a3 Nh5 14.O-O f5 15.exf5 gxf5 16.Rc1
Kh8 17.Qd2 Rg8 18.f4 Qh4 19.Rf3 e4 20.Rff1 Bf6 21.Bd4 Rg7 22.Qe3 Rag8 23.Rf2
Bxd4 24.Qxd4 Nc7 25.g3 Ne8 26.Rg2 Qh3 27.Nd1 Nhf6 28.Nf2 Qh6 29.Qxa7 Nxd5
30.Bb3 Ne3 31.Qxe3 {#r} 1-0

[Event "It (open) \"]
[Site "masterchessopen.com – Cologne (Germany)"]
[Round "5"]
[White "Schulte Torsten (GER)"]
[Black "Fokken Achim (GER)"]
[Result "1-0"]
[WhiteElo "2164"]
[BlackElo "1993"]

1.d4 Nf6 2.c4 g6 3.Nc3 Bg7 4.e4 d6 5.f3 c6 6.Be3 a6 7.a4 a5 8.Qd2 Na6 9.Bd3 e5
10.Nge2 Nb4 11.O-O O-O 12.Rad1 Qc7 13.Bb1 Bd7 14.Kh1 Rab8 15.dxe5 dxe5 16.Bc5
b5 17.Bxf8 Bxf8 18.axb5 cxb5 19.Nd5 Nbxd5 20.cxd5 b4 21.Bd3 Qb6 22.Qg5 Bg7
23.Qxe5 Ba4 24.Ra1 Ng4 25.Qf4 Ne3 26.Rfb1 g5 27.Qxg5 Bc2 28.Bxc2 Nxc2 29.Ra4
Qf2 30.Qg3 Qxe2 31.Qxb8+ Bf8 32.Rxa5 h6 33.Ra8 Ne1 34.Qg3+ {#r} 1-0

[Event "It (open)"]
[Site "masterchessopen.com – USA"]
[Round "0"]
[White "Chow Albert (USA)"]
[Black "Cohen Lewis"]
[Result "1-0"]
[WhiteElo "2310"]
[BlackElo "2015"]

1.e4 d6 2.d4 Nf6 3.f3 g6 4.c4 Bg7 5.Nc3 c6 6.Be3 Nbd7 7.Bd3 e5 8.d5 Nb6 9.Nge2
O-O 10.O-O Nfd7 11.b4 c5 12.a3 f5 13.exf5 gxf5 14.Rb1 e4 15.fxe4 Ne5 16.bxc5
Nbxc4 17.Bd4 Qg5 18.Bxc4 Nxc4 19.Rf3 f4 20.Bxg7 Kxg7 21.Qc1 Ne3 22.Nxf4 Rxf4
23.Qxe3 {#r} 1-0

[Event "Oberliga East 1994/95"]
[Site "masterchessopen.com – Germany"]
[Round "0"]
[White "Fiedler Torsten (GER)"]
[Black "Henrich Thomas (GER)"]
[Result "1-0"]
[WhiteElo "2354"]
[BlackElo "2222"]

1.d4 Nf6 2.c4 g6 3.Nc3 Bg7 4.e4 d6 5.f3 c6 6.Bg5 Nbd7 7.Qd2 a6 8.O-O-O Qa5
9.h4 b5 10.Kb1 Rb8 11.Nh3 Nh5 12.cxb5 axb5 13.Ne2 b4 14.g4 Nhf6 15.h5 gxh5
16.gxh5 h6 17.Be3 Nb6 18.Nc1 Nxh5 19.Bd3 Be6 20.Rdg1 Bf8 21.Ng5 hxg5 22.Rxg5
Qa7 23.d5 cxd5 24.exd5 Bd7 25.Rhxh5 Rxh5 26.Rxh5 Qb7 27.Rh8 f5 28.Bh6 Kf7
29.Rh7+ Kf6 30.Qg5+ Ke5 31.Bxf8 Rxf8 32.Qxe7+ Kd4 33.Rh4+ {#r} 1-0

[Event "Ch Hungary (team) (3 liga)"]
[Site "masterchessopen.com – Hungary"]
[Round "0"]
[White "Bodrogi Laszlo (HUN)"]
[Black "Ecsedi Sandor (HUN)"]
[Result "1-0"]
[WhiteElo "2054"]
[BlackElo "2061"]

1.d4 Nf6 2.c4 g6 3.Nc3 d6 4.e4 Bg7 5.f3 c6 6.Be3 a6 7.Qd2 b5 8.O-O-O Qa5 9.Kb1
Nbd7 10.Bh6 O-O 11.g4 Nb6 12.h4 b4 13.Bxg7 Kxg7 14.Nce2 Nxc4 15.Qc1 Be6 16.Nf4
Nb6 17.Nxe6+ fxe6 18.Ne2 e5 19.h5 gxh5 20.Qg5+ Kh8 21.Nf4 Rg8 22.Qf5 Nbd7
23.g5 b3 24.axb3 Qb6 25.Bc4 d5 26.exd5 exf4 27.dxc6 Rgf8 28.cxd7 Ng4 29.Qe4
Qa5 30.fxg4 Qxg5 31.Rxh5 {#r} 1-0

[Event "Ch Spain (juniors)"]
[Site "masterchessopen.com – Los Barrios (Spain)"]
[Round "1"]
[White "Valles Moreno Ivan (ESP)"]
[Black "Calvo Jesus Maria (ESP)"]
[Result "1-0"]
[WhiteElo "2394"]
[BlackElo "2295"]

1.d4 Nf6 2.c4 g6 3.Nc3 Bg7 4.e4 d6 5.f3 c6 6.Bg5 O-O 7.Qd2 a6 8.h4 Nbd7 9.Nge2
b5 10.h5 Nb6 11.Ng3 Nxc4 12.Bxc4 bxc4 13.Bh6 e5 14.Bxg7 Kxg7 15.dxe5 dxe5
16.Qg5 Re8 17.Rd1 h6 18.Qe3 Qe7 19.hxg6 Ng8 20.gxf7 Qxf7 21.Rd6 Be6 22.Qc5 Bd7
23.Kf2 Nf6 24.Rxf6 Kxf6 25.Rxh6+ Kg7 26.Qe3 Qf4 27.Nh5+ Kxh6 28.Nxf4 exf4
29.Qxf4+ Kg7 30.e5 Rab8 31.Qg5+ Kh7 32.Ne4 Rxb2+ 33.Kg3 {#r} 1-0

[Event "It (open)"]
[Site "masterchessopen.com – Sarospatak (Hungary)"]
[Round "0"]
[White "Zsinka Laszlo (HUN)"]
[Black "Deak Sandor (HUN)"]
[Result "1-0"]
[WhiteElo "2340"]
[BlackElo "2325"]

1.d4 Nf6 2.c4 g6 3.Nc3 Bg7 4.e4 d6 5.f3 c6 6.Be3 a6 7.a4 a5 8.Bd3 Na6 9.Rc1 e5
10.Nge2 Nd7 11.O-O O-O 12.Qd2 Nc7 13.Rcd1 Ne6 14.Bc2 c5 15.dxc5 dxc5 16.Nd5
Nb6 17.b3 Nd4 18.Nxd4 cxd4 19.Bg5 f6 20.Bh4 Nxd5 21.cxd5 Qb6 22.Bf2 Bd7 23.Rb1
Rfc8 24.Bd3 Bf8 25.Bc4 Kh8 26.Qd3 Rc7 27.f4 exf4 28.Bxd4 Bc5 29.Rbd1 g5 30.g3
Bh3 31.Rf2 f3 32.Qc3 Bxd4 33.Rxd4 Bg2 34.Qd2 Rac8 {#r} 1-0

[Event "It (open)"]
[Site "masterchessopen.com – Benasque (Spain)"]
[Round "4"]
[White "Jimenez Villena Francisco J (ESP)"]
[Black "Mollov Ergin (BUL)"]
[Result "1-0"]
[WhiteElo "2250"]
[BlackElo "2430"]

1.d4 Nf6 2.c4 g6 3.Nc3 Bg7 4.e4 d6 5.f3 c6 6.Bg5 a6 7.Qd2 b5 8.Rd1 O-O 9.a3
Nbd7 10.b4 Bb7 11.Nh3 bxc4 12.Bxc4 d5 13.Bb3 dxe4 14.fxe4 e5 15.O-O Qb6 16.Na4
Qxd4+ 17.Qxd4 exd4 18.Rxd4 h6 19.Bxf6 Nxf6 20.Nc5 Bc8 21.Rd6 Ng4 22.Rxg6 Ne5
23.Rg3 Bxh3 24.gxh3 a5 25.Rf5 Rfe8 26.Nd7 Nxd7 27.Rxf7 Kh8 28.Rxd7 Be5 29.Rg6
Bf4 30.Rgg7 {#r} 1-0

[Event "It (open)"]
[Site "masterchessopen.com – Bern (Switzerland)"]
[Round "7"]
[White "Ballon Guenther Jan (NED)"]
[Black "Jorns Benedikt (SUI)"]
[Result "1-0"]
[WhiteElo "2270"]
[BlackElo "1911"]

1.d4 Nf6 2.c4 g6 3.Nc3 Bg7 4.e4 d6 5.f3 c6 6.Bg5 a6 7.Qd2 b5 8.Rd1 O-O 9.Bd3
Nbd7 10.Nge2 Nb6 11.c5 dxc5 12.dxc5 Nbd7 13.Bc2 Qa5 14.Be3 Qb4 15.O-O Qxb2
16.a3 b4 17.Na4 Qxa3 18.Bd4 Qa2 19.Qd3 Nh5 20.Bb3 Bxd4+ 21.Nxd4 Qa3 22.Ra1 Ne5
23.Qc2 {#r} 1-0

[Event "It (open) \"]
[Site "masterchessopen.com – Bratislava (Slovakia)"]
[Round "3"]
[White "Durik Juraj (SVK)"]
[Black "Durovka Stefan (SVK)"]
[Result "1-0"]
[WhiteElo "1792"]
[BlackElo "1821"]

1.e4 d6 2.d4 Nf6 3.f3 g6 4.c4 Bg7 5.Nc3 c6 6.Bd3 Nbd7 7.Nge2 O-O 8.Be3 e5 9.d5
h6 10.Qd2 Kh7 11.h4 Rh8 12.g4 Ng8 13.h5 g5 14.Nd4 exd4 15.e5+ f5 16.exf6# 1-0

[Event "It (open) \"]
[Site "masterchessopen.com – Brno (Czech Republic)"]
[Round "6"]
[White "Skacelik Petr (CZE)"]
[Black "Mudrak Josef (CZE)"]
[Result "1-0"]
[WhiteElo "2206"]
[BlackElo "2310"]

1.d4 Nf6 2.c4 g6 3.Nc3 Bg7 4.e4 d6 5.f3 c6 6.Be3 Nbd7 7.Qd2 h6 8.Nge2 Qc7 9.g4
a6 10.a4 b6 11.Ng3 c5 12.d5 Rb8 13.Be2 h5 14.g5 Nh7 15.f4 h4 16.Nf1 f6 17.gxf6
exf6 18.Rg1 Ndf8 19.Bd3 Qe7 20.O-O-O Bd7 21.Re1 Kd8 22.Kb1 Kc7 23.Qf2 g5 24.e5
fxe5 25.fxg5 Qe8 26.Nd2 Ng6 27.Nde4 Nhf8 28.Nf6 Bxf6 29.gxf6 e4 30.f7 Qc8
31.Bxe4 Ne5 32.Rg8 Rh5 33.Bg5 {#r} 1-0

[Event "It"]
[Site "masterchessopen.com – Ciego de Avila (Cuba)"]
[Round "10"]
[White "Gomez Adalberto (CUB)"]
[Black "Salem Ihab (PLE)"]
[Result "0-1"]
[WhiteElo "2300"]
[BlackElo "2097"]

1.d4 Nf6 2.c4 g6 3.Nc3 Bg7 4.e4 d6 5.f3 c6 6.Bg5 a6 7.a4 a5 8.Qd2 Na6 9.Nge2
O-O 10.g4 e5 11.Rd1 h6 12.Be3 exd4 13.Bxd4 Be6 14.Nf4 Nb4 15.h4 Nxe4 16.Nxe4
Bxd4 17.Nxe6 fxe6 18.Qxh6 Nc2+ 19.Ke2 Bg7 20.Qxg6 Qb6 21.Nf6+ Rxf6 22.Qxc2
Raf8 23.Rh3 Qg1 24.Rxd6 Rxf3 25.Rxf3 Qh2+ {#R} 0-1

[Event "Ch Russia (juniors) (under 16) (g)"]
[Site "masterchessopen.com – Kaluga (Russia)"]
[Round "9"]
[White "Belaja Nastja (RUS)"]
[Black "Kychanova Elena (RUS)"]
[Result "0-1"]
[WhiteElo "2121"]
[BlackElo "2069"]

1.d4 Nf6 2.c4 g6 3.Nc3 Bg7 4.e4 d6 5.f3 c6 6.Be3 a6 7.Qd2 h5 8.Nge2 b5 9.Nc1
Nbd7 10.Nb3 Bb7 11.Be2 Qc7 12.h4 b4 13.Na4 a5 14.c5 dxc5 15.Nbxc5 Rd8 16.O-O
Nxc5 17.Nxc5 e5 18.Nb3 O-O 19.Rac1 a4 20.Nc5 exd4 21.Bf4 Qb6 22.Nxa4 Qa7
23.Nc5 Nd7 24.Bd6 Rfe8 25.Qxb4 Nxc5 26.Bxc5 Qxa2 27.Qxb7 d3 28.Bd1 Rb8 29.Qxc6
Bxb2 30.Rb1 Rec8 {#R} 0-1

[Event "Ch Moscow (open)"]
[Site "masterchessopen.com – Moscow (Russia)"]
[Round "7"]
[White "Riazantsev Alexander (RUS)"]
[Black "Bitman Alexander R (RUS)"]
[Result "0-1"]
[WhiteElo "2350"]
[BlackElo "2220"]

1.d4 Nf6 2.c4 g6 3.Nc3 Bg7 4.e4 d6 5.f3 c6 6.Be3 a6 7.a4 a5 8.Bd3 Na6 9.Rc1
O-O 10.Nge2 e5 11.O-O Nd7 12.f4 exd4 13.Nxd4 Nac5 14.Bc2 Re8 15.Nde2 Qe7
16.Bd4 Nf6 17.Ng3 Be6 18.Bxc5 dxc5 19.Qe2 Ng4 20.h3 Bd4+ 21.Kh1 Ne3 22.Bd3
Nxf1 23.Qxf1 Qh4 24.Nge2 Rad8 25.Nxd4 Rxd4 26.b3 Red8 27.Rd1 Qg3 28.Ne2 Rxd3
29.Nxg3 Rxd1 {#R} 0-1

[Event "Ch Spain (team) (a)"]
[Site "masterchessopen.com – Oropesa (Spain)"]
[Round "9"]
[White "Campos Moreno Javier B (CHI)"]
[Black "Visier Segovia Fernando (ESP)"]
[Result "1-0"]
[WhiteElo "2485"]
[BlackElo "2280"]

1.d4 Nf6 2.c4 g6 3.Nc3 Bg7 4.e4 d6 5.f3 c6 6.Be3 a6 7.c5 dxc5 8.dxc5 Qxd1+
9.Rxd1 Be6 10.Nge2 Bc4 11.Nc1 Bxf1 12.Rxf1 Nbd7 13.Nb3 O-O-O 14.Ke2 Ne8 15.Na4
Nc7 16.Rd2 Na8 17.Rfd1 Rhe8 18.Na5 Nf8 19.Rxd8+ Rxd8 20.Rxd8+ Kxd8 21.Nxb7+
Kd7 22.b4 Ne6 23.Na5 Be5 24.g3 g5 25.Nc4 Bd4 26.Kd3 Bxe3 27.Kxe3 f6 28.f4
gxf4+ 29.gxf4 Nac7 30.f5 Nd8 31.Nab6+ Ke8 32.a4 Kf8 33.Nd7+ Ke8 34.Nb8 a5 {#r}
1-0

[Event "It (open)"]
[Site "masterchessopen.com – Recklinghausen (Germany)"]
[Round "2"]
[White "Hoecker Horst (GER)"]
[Black "Hoppe Udo (GER)"]
[Result "0-1"]
[WhiteElo "1710"]
[BlackElo "2062"]

1.c4 Nf6 2.Nc3 g6 3.e4 d6 4.d4 Bg7 5.f3 c6 6.Be3 a6 7.Bd3 Nbd7 8.Nge2 b5 9.b4
bxc4 10.Bxc4 d5 11.Bb3 dxe4 12.Nxe4 Nd5 13.a3 Nxe3 14.Bxf7+ Kxf7 15.Qb3+ Nd5
16.Ng5+ Kg8 17.Nf4 Nf6 18.Rc1 Qd6 19.Nd3 Bh6 20.f4 Bxg5 21.fxg5 Ng4 22.h3 Qg3+
{#R} 0-1

[Event "Ch Europe (railways)"]
[Site "masterchessopen.com – Balatonfoldrar (Hungary)"]
[Date "1996.05.23"]
[Round "4"]
[White "Broad Michael"]
[Black "Rudnik Heinz (GER)"]
[Result "0-1"]
[WhiteElo "1592"]
[BlackElo "2156"]

1.d4 Nf6 2.c4 g6 3.Nc3 Bg7 4.e4 d6 5.f3 c6 6.Be3 a6 7.a4 O-O 8.Nge2 Qa5 9.Ng3
Nbd7 10.Be2 c5 11.O-O h5 12.f4 cxd4 13.Bxd4 e5 14.Be3 exf4 15.Bxf4 Qc5+ 16.Rf2
Ne5 17.h3 Be6 18.Kh1 Qxf2 {#R} 0-1

[Event "Ch Greece (team)"]
[Site "masterchessopen.com – Athens (Greece)"]
[Round "6"]
[White "Botsari Anna-Maria (GRE)"]
[Black "Georgiev Krum (BUL)"]
[Result "0-1"]
[WhiteElo "2310"]
[BlackElo "2530"]

1.d4 Nf6 2.c4 g6 3.Nc3 Bg7 4.e4 d6 5.f3 c6 6.Bg5 a6 7.Qd2 b5 8.a3 O-O 9.Rd1
Re8 10.cxb5 axb5 11.Nge2 Na6 12.b4 Nc7 13.Qb2 Nd7 14.Nc1 Nb6 15.Nb3 Bd7 16.Na5
c5 17.bxc5 Ne6 18.Nb7 Qc8 19.Bxe7 Qxb7 20.Bxd6 Na4 21.Nxa4 Rxa4 22.e5 Qd5
23.Bxb5 Qb7 24.Rb1 Bxb5 25.Qxb5 Qxb5 26.Rxb5 Nxd4 27.Rb7 Bxe5 28.O-O Ne2+
29.Kh1 Rh4 {#R} 0-1

[Event "It (open) \"]
[Site "masterchessopen.com – Berlin (Germany)"]
[Round "1"]
[White "Dydyshko Viacheslav (BLR)"]
[Black "Lang Zalan Andreas (GER)"]
[Result "1-0"]
[WhiteElo "2490"]
[BlackElo "2218"]

1.d4 Nf6 2.c4 g6 3.Nc3 Bg7 4.e4 d6 5.f3 c6 6.Bg5 Nbd7 7.Qd2 h5 8.Nh3 a6 9.Rc1
b5 10.b3 Qa5 11.Nf2 b4 12.Na4 c5 13.a3 Rb8 14.d5 Qc7 15.axb4 Rxb4 16.Rb1 Ne5
17.Be2 O-O 18.h3 Nh7 19.Be3 Bd7 20.Nc3 f6 21.f4 Nf7 22.Bd3 Nh6 23.f5 g5 24.h4
Ng4 25.Nxg4 hxg4 26.Qe2 g3 27.Qh5 Rfb8 28.Bc2 Be8 29.Qg4 a5 30.e5 a4 31.hxg5
Nxg5 32.Bxg5 Rxc4 33.bxc4 Rxb1+ 34.Bxb1 Qa5 {#r} 1-0

[Event "Ch World (juniors) (under 12)"]
[Site "masterchessopen.com – Cannes (France)"]
[Round "7"]
[White "Tikkanen Hans (SWE)"]
[Black "Borisek Jure (SLO)"]
[Result "1-0"]
[WhiteElo "2591"]
[BlackElo "2534"]

1.d4 Nf6 2.c4 g6 3.Nc3 Bg7 4.e4 d6 5.f3 c6 6.Bg5 h6 7.Be3 a6 8.Qd2 b5 9.Bd3
Nbd7 10.Nge2 Bb7 11.O-O bxc4 12.Bxc4 e5 13.d5 cxd5 14.Nxd5 Rc8 15.Rac1 h5
16.Rfd1 Rxc4 17.Nxf6+ Qxf6 18.Rxc4 d5 19.Rc7 d4 20.Rxb7 O-O 21.Rxd7 Qe6 22.Rd5
f5 23.h3 fxe4 24.fxe4 Qb6 25.Nxd4 exd4 26.Bxd4 {#r} 1-0

[Event "It \"]
[Site "masterchessopen.com – Korolev (Russia)"]
[Round "10"]
[White "Lukuanenko Sergei (RUS)"]
[Black "Lugovoy Yury (RUS)"]
[Result "1-0"]
[WhiteElo "2217"]
[BlackElo "2258"]

1.d4 Nf6 2.c4 g6 3.Nc3 Bg7 4.e4 d6 5.f3 c6 6.Be3 a6 7.Qd2 b5 8.Bd3 Qc7 9.Nge2
Nbd7 10.Rc1 b4 11.Nd1 a5 12.Bh6 O-O 13.Bxg7 Kxg7 14.Ne3 h5 15.O-O Rh8 16.f4 e5
17.f5 exd4 18.Nxd4 Nc5 19.fxg6 fxg6 20.Rxf6 Kxf6 21.Rf1+ Kg7 22.Nef5+ Bxf5
23.Nxf5+ Kg8 24.Qg5 Rh7 25.Qxg6+ Kh8 26.Qf6+ Kg8 27.Rf3 h4 28.Rf4 Rg7 29.Nh6+
Kh7 30.Rxh4 Rxg2+ 31.Kxg2 Qg7+ 32.Qxg7+ Kxg7 33.Nf5+ Kf6 {#r} 1-0

[Event "It (open)"]
[Site "masterchessopen.com – Manresa (Spain)"]
[Round "9"]
[White "Vidarte Morales Arturo (ESP)"]
[Black "Sanpera Bonet Juan Carlos (ESP)"]
[Result "1-0"]
[WhiteElo "2365"]
[BlackElo "2153"]

1.d4 g6 2.c4 Nf6 3.Nc3 Bg7 4.e4 d6 5.f3 c6 6.Be3 a6 7.a4 a5 8.Bd3 Na6 9.Rc1
O-O 10.Nge2 e5 11.d5 Nd7 12.O-O Ndc5 13.Bc2 Nb4 14.Bb1 f5 15.exf5 gxf5 16.f4
e4 17.Kh1 Ncd3 18.Bxd3 Nxd3 19.Rb1 c5 20.Qd2 Bd7 21.g4 Qf6 22.gxf5 Bxf5 23.Rg1
Rae8 24.Rg2 Kh8 25.Ng3 Bg6 26.f5 Bf7 27.Ncxe4 Rxe4 28.Nxe4 Qxf5 29.Qxd3 Re8
30.Rf1 Bg6 31.Rxf5 Bxf5 32.Nxd6 {#r} 1-0

[Event "It (open)"]
[Site "masterchessopen.com – Polanica Zdroj (Poland)"]
[Round "4"]
[White "Balcerowski Witold (POL)"]
[Black "Szydelko Kazimierz (POL)"]
[Result "0-1"]
[WhiteElo "2240"]
[BlackElo "1829"]

1.d4 Nf6 2.c4 g6 3.Nc3 Bg7 4.e4 d6 5.f3 c6 6.Be3 Qc7 7.Bd3 Nbd7 8.Nge2 a6 9.a4
c5 10.O-O cxd4 11.Nxd4 O-O 12.b4 Ne5 13.Nd5 Nxd5 14.cxd5 Qc3 15.Rb1 Qxd3
16.Qxd3 Nxd3 17.f4 f5 18.exf5 Bxd4 19.Bxd4 Bxf5 20.Rb3 Rac8 21.Rd1 Nxf4 {#R}
0-1

[Event "Cup Russia (open)"]
[Site "masterchessopen.com – Smolensk (Russia)"]
[Round "4"]
[White "Vitiugov Nikita (RUS)"]
[Black "Bitman Alexander R (RUS)"]
[Result "0-1"]
[WhiteElo "2726"]
[BlackElo "2240"]

1.d4 Nf6 2.c4 g6 3.Nc3 Bg7 4.e4 d6 5.f3 c6 6.Be3 a6 7.Qd2 b5 8.O-O-O Qa5 9.Kb1
Nbd7 10.h4 Nb6 11.c5 b4 12.cxb6 bxc3 13.Qxc3 Qxb6 14.g4 h5 15.d5 c5 16.g5 Rb8
17.b3 a5 18.Bc4 a4 19.Bc1 axb3 20.axb3 Ba6 21.Bb2 O-O 22.Bxa6 Qxa6 23.gxf6
Bxf6 24.Qc2 c4 25.Bxf6 exf6 26.Ne2 Rxb3+ 27.Kc1 Rfb8 28.Nc3 Qa5 29.Nb1 Qb4
{#R} 0-1

[Event "Tournament \"]
[Site "masterchessopen.com – Ha Tinh (Vietnam)"]
[Round "4"]
[White "Hoang Nam Thang (VIE)"]
[Black "Le Thanh Minh (VIE)"]
[Result "0-1"]
[WhiteElo "2341"]
[BlackElo "2248"]

1.d4 Nf6 2.c4 g6 3.Nc3 Bg7 4.e4 d6 5.f3 c6 6.Bg5 a6 7.h4 b5 8.Qd2 Qa5 9.Bh6
Bxh6 10.Qxh6 Be6 11.g4 bxc4 12.Nh3 Ra7 13.h5 Qb6 14.hxg6 Qxb2 15.Rc1 fxg6
16.Qd2 Qxd2+ 17.Kxd2 Rf8 18.Nf4 Bg8 19.Ke3 e5 20.dxe5 dxe5 21.Nh3 Rb7 22.Rh2
Ke7 23.Nd1 Nxg4+ 24.fxg4 Rxf1 25.Nhf2 Rb2 {#R} 0-1

[Event "It (open) \"]
[Site "masterchessopen.com – Paris (France)"]
[Round "0"]
[White "Thoue Jean-Claude (FRA)"]
[Black "Delerme Raymond (FRA)"]
[Result "0-1"]
[WhiteElo "1794"]
[BlackElo "1905"]

1.e4 g6 2.d4 d6 3.c4 Bg7 4.Nc3 Nf6 5.f3 c6 6.Be3 a6 7.Bd3 Nbd7 8.Qd2 c5 9.d5
Ne5 10.h3 O-O 11.f4 Nxd3+ 12.Qxd3 Bd7 13.g4 b5 14.b3 Nxe4 15.Nge2 Nxc3 16.Nxc3
b4 {#R} 0-1

[Event "It (open)"]
[Site "masterchessopen.com – Schwarzach (Austria)"]
[Round "5"]
[White "Scholz Franz-Peter (GER)"]
[Black "Rudolph Klaus (GER)"]
[Result "1-0"]
[WhiteElo "2200"]
[BlackElo "1916"]

1.c4 Nf6 2.Nc3 g6 3.e4 d6 4.d4 Bg7 5.f3 c6 6.Be3 Nbd7 7.Qd2 Qa5 8.g4 a6 9.a3
b5 10.g5 Nh5 11.cxb5 cxb5 12.b4 Qd8 13.Rc1 Bb7 14.Nge2 f5 15.gxf6 Nhxf6 16.Nf4
Nf8 17.d5 N6d7 18.Nce2 Ne5 19.Nd4 Rc8 20.Be2 Nc4 21.Bxc4 bxc4 22.Nfe6 Nxe6
23.Nxe6 c3 24.Qd3 {#r} 1-0

[Event "Tournament (scheveningen)"]
[Site "masterchessopen.com – Belgrade (Yugoslavia)"]
[Round "9"]
[White "Mijic Slobodanka (SRB)"]
[Black "Petrovic Ana (SRB)"]
[Result "1-0"]
[WhiteElo "2036"]
[BlackElo "2002"]

1.e4 d6 2.d4 Nf6 3.f3 g6 4.c4 Bg7 5.Nc3 c6 6.Be3 a6 7.a4 Nbd7 8.Qd2 e5 9.Nge2
Nb6 10.Ng3 Nfd7 11.a5 {#r} 1-0

[Event "Ch Spain (team) (1 Div)"]
[Site "masterchessopen.com – Cala Galdana (Spain)"]
[Round "1"]
[White "Oms Pallise Josep (AND)"]
[Black "Armengol Comas Joaquim (ESP)"]
[Result "1-0"]
[WhiteElo "2412"]
[BlackElo "2140"]

1.d4 Nf6 2.c4 g6 3.Nc3 Bg7 4.e4 d6 5.f3 c6 6.Nge2 a6 7.a4 a5 8.Ng3 Na6 9.Be2
e5 10.d5 h5 11.h4 cxd5 12.cxd5 Nd7 13.Bg5 Bf6 14.Qd2 {#r} 1-0

[Event "Ch Catalunia (juniors)"]
[Site "masterchessopen.com – Catalunia (Spain)"]
[Round "0"]
[White "Baches Garcia Guillermo (ESP)"]
[Black "Viladrich Jordi (ESP)"]
[Result "0-1"]
[WhiteElo "2285"]
[BlackElo "2165"]

1.d4 Nf6 2.c4 g6 3.Nc3 Bg7 4.e4 d6 5.f3 c6 6.Bg5 Qc7 7.Qd2 Bd7 8.Nge2 a6 9.Nc1
b5 10.c5 dxc5 11.dxc5 Be6 12.Be2 Nbd7 13.Be3 Rd8 14.Qc2 Nh5 15.Nd3 Ne5 16.Rd1
O-O 17.b3 f5 18.Nf2 f4 19.Bc1 Qa5 20.Bb2 Qb4 21.O-O Qxc5 22.Rc1 Qe3 23.Nd1 Qd2
24.Ba3 Bf6 25.Qb1 Qxe2 26.Bb4 Nxf3+ 27.gxf3 Qxf3 28.Rxc6 Bh3 29.Nxh3 Qg4+
30.Kh1 Ng3+ 31.hxg3 Qxh3+ 32.Kg1 Bd4+ {#R} 0-1

[Event "Bayern Oberliga"]
[Site "masterchessopen.com – Germany"]
[Round "2"]
[White "Bocksberger Stefan (GER)"]
[Black "Effmert Thomas (GER)"]
[Result "1-0"]
[WhiteElo "2294"]
[BlackElo "2228"]

1.c4 g6 2.Nc3 Bg7 3.d4 Nf6 4.e4 d6 5.f3 c6 6.Be3 Qc7 7.Qd2 h5 8.Bd3 Nbd7
9.Nge2 Nf8 10.h3 Bd7 11.f4 h4 12.b4 Bh6 13.d5 Nh5 14.O-O Rg8 15.c5 Nh7 16.cxd6
exd6 17.dxc6 bxc6 18.b5 g5 19.bxc6 Bxh3 20.Nd5 Qc8 21.f5 Kf8 22.gxh3 Nf4
23.Kh2 Qxc6 24.Rac1 Qa4 25.Nexf4 gxf4 26.Bxf4 Bxf4+ 27.Qxf4 Rg3 28.Qh6+ Kg8
29.Qxh4 Rg7 30.Rg1 Qxa2+ 31.Rc2 Rxg1 32.Rxa2 Ng5 33.Rg2 {#r} 1-0

[Event "Oberliga East A 1999/00"]
[Site "masterchessopen.com – Germany"]
[Round "3"]
[White "Walther Hans-Wolfgang (GER)"]
[Black "Goemann Jens (GER)"]
[Result "1-0"]
[WhiteElo "2232"]
[BlackElo "2169"]

1.d4 Nf6 2.c4 g6 3.Nc3 Bg7 4.e4 d6 5.f3 c6 6.Be3 a6 7.c5 O-O 8.Qd2 b5 9.cxb6
Nbd7 10.Na4 Nxb6 11.Nxb6 Qxb6 12.Rc1 a5 13.Ne2 Ba6 14.Nc3 Bxf1 15.Rxf1 a4
16.Rf2 Nd7 17.Qd3 Qa5 18.Kf1 Rfb8 19.Rfc2 c5 20.Nd5 e6 21.Ne7+ Kf8 22.dxc5
dxc5 23.Qxd7 Ra7 24.Qd6 Qb5+ 25.Kg1 Rxe7 26.Rxc5 Qb7 27.Rc7 {#r} 1-0

[Event "Ch Peru (juniors)"]
[Site "masterchessopen.com – Lima (Peru)"]
[Round "6"]
[White "Mansilla Juan (PER)"]
[Black "Calle Miryam (PER)"]
[Result "1-0"]
[WhiteElo "2277"]
[BlackElo "2125"]

1.e4 d6 2.d4 g6 3.c4 Nf6 4.Nc3 Bg7 5.f3 c6 6.Be3 Qa5 7.Qd2 O-O 8.O-O-O e5 9.g4
Nbd7 10.Kb1 Rb8 11.Nge2 b5 12.Nc1 bxc4 13.Bxc4 Qb4 14.Bb3 Ba6 15.h4 Rfc8 16.h5
exd4 17.Qxd4 c5 18.Qxb4 cxb4 19.Nd5 Nxd5 20.Rxd5 {#r} 1-0

[Event "Ch Spain"]
[Site "masterchessopen.com – Palencia (Spain)"]
[Round "4"]
[White "Gallego Jimenez Victoriano (ESP)"]
[Black "Carbonell Bofill Carlos (ESP)"]
[Result "1-0"]
[WhiteElo "2348"]
[BlackElo "2216"]

1.d4 Nf6 2.c4 d6 3.Nc3 g6 4.e4 Bg7 5.f3 c6 6.Be3 e6 7.Bd3 b6 8.Nge2 a6 9.O-O
O-O 10.e5 dxe5 11.dxe5 Ne8 12.f4 f5 13.Na4 Nd7 14.Nd4 Nb8 15.Nf3 c5 16.b4 cxb4
17.Nxb6 Ra7 18.Bxf5 Qxd1 19.Rfxd1 Rc7 20.Bh3 Bb7 21.Bxe6+ Kh8 22.Bd5 Nc6
23.Ng5 h6 24.Ne6 g5 25.Nxf8 Bxf8 26.f5 h5 27.f6 Kh7 28.Nd7 Rxd7 29.Be4+ {#r}
1-0